| 000 | 00709nam a2200265Ia 4500 | ||
|---|---|---|---|
| 003 | OSt | ||
| 005 | 20221007110854.0 | ||
| 006 | a|||||r|||| 00| 0 | ||
| 007 | ta | ||
| 008 | 221006b |||||||| |||| 00| 0 eng d | ||
| 020 | _a0852272316 | ||
| 024 | _a22,042 | ||
| 037 | _cTextual | ||
| 040 |
_aLCO _cLCO _beng |
||
| 041 |
_2eng _aeng |
||
| 082 | _aX8(A):95.3, L9 | ||
| 100 |
_aWainright David _9707931 |
||
| 245 | 0 | _aDiscrimination in Employment | |
| 260 |
_aLondon _bAssociated Business Press U.K. _c1979 |
||
| 300 | _a315 | ||
| 500 | _aA Guide to Equal Opportunity | ||
| 650 | _aEMPLOYMENT | ||
| 942 |
_hX8(A):95.3, L9 _cTEXL |
||
| 999 |
_c1191605 _d1191605 |
||